[Event "Tourn. n9579"]
[Site "www.chess-mail.com"]
[Date "2017.12.03"]
[Round "1"]
[White "Pachi"]
[Black "Cal"]
[WhiteElo "1640"]
[BlackElo "1690"]
[Result "1-0"]
[Round "1"]
1.e4 e5
2.b3 a6
3.Bc1b2 d6
4.d4 exd4
5.Bb2xd4 c5
6.Bd4b2 Ng8f6
7.Nb1d2 b5
8.Bb2xf6 Qd8xf6
9.g3 Bf8e7
10.c4 h6
11.f4 Qf6c3
12.cxb5 axb5
13.Bf1xb5 Bc8d7
14.Ra1c1 Qc3e3
15.Bb5e2 Bd7g4
16.b4 Nb8c6
17.Ng1f3 Bg4xf3
18.Nd2xf3 Nc6xb4
19.e5 d5
20.h4 Ra8xa2
21.Rh1h2 O-O
22.h5 d4
23.Kf1 Ra2d2
24.Nf3xd2 d3
25.Be2f3 Rf8c8
26.Rc1c4 Nb4c2
27.Rc4e4 Qe3xe4
28.Bf3xe4 Nc2e3
29.Ke1 c4
30.Qd1a4 c3
31.Qa4a6 c2
32.Qa6xc8 Be7f8
33.Be4xd3 Ne3d5
34.Bd3xc2 Nd5e7
35.Qc8c3 Ne7f5
36.Bc2xf5 f6
37.exf6 Bf8d6
38.Bf5g6 Bd6f8
39.Qc3c8 { resign }
1-0

[Event "Tourn. n9631"]
[Site "www.chess-mail.com"]
[Date "2017.12.03"]
[Round "1"]
[White "Dussek"]
[Black "Picifarkinca"]
[WhiteElo "1900"]
[BlackElo "1620"]
[Result "0-1"]
[Round "1"]
1.c4 e6
2.Ng1f3 d5
3.d4 c6
4.Nb1c3 Nb8d7
5.c5 Ng8f6
6.Bc1g5 Bf8e7
7.e3 O-O
8.Bf1d3 h6
9.Bg5h4 b6
10.b4 Nf6e8
11.Bh4xe7 Qd8xe7
12.O-O e5
13.Rf1e1 e4
{ resign }
0-1

[Event "Tourn. n9542"]
[Site "www.chess-mail.com"]
[Date "2017.12.03"]
[Round "1"]
[White "Andychesston"]
[Black "Norlavuaram"]
[WhiteElo "2080"]
[BlackElo "2080"]
[Result "0-1"]
[Round "1"]
1.e4 e5
2.Ng1f3 Nb8c6
3.d4 exd4
4.Nf3xd4 Bf8c5
5.Bc1e3 Qd8f6
6.c3 Ng8e7
7.Bf1e2 d6
8.Be2f3 Nc6e5
9.O-O Bc5xd4
10.Be3xd4 Ne7c6
11.Nb1d2 O-O
12.Kh1 Nc6xd4
13.cxd4 Ne5xf3
14.Nd2xf3 Bc8g4
15.Qd1d3 Bg4xf3
16.gxf3 c6
17.Rf1g1 Rf8e8
18.Rg1g3 c5
19.e5 dxe5
20.dxc5 Ra8d8
21.Qd3e4 Rd8d4
22.Qe4xb7 Rd4d2
23.Ra1g1 g6
24.c6 Rd2c2
25.c7 Qf6c6
26.Qb7xa7 Qc6xc7
27.Qa7a4 Re8b8
28.b4 Rc2xf2
29.Qa4b3 Qc7b6
30.a3 Rb8d8
31.Rg3g2 Rd8d2
32.Qb3c3 Rf2xg2
33.Rg1xg2 Rd2d1
{ resign }
0-1

[Event "Tourn. n9539"]
[Site "www.chess-mail.com"]
[Date "2017.12.03"]
[Round "1"]
[White "Silikon"]
[Black "Caspito"]
[WhiteElo "1870"]
[BlackElo "1870"]
[Result "1-0"]
[Round "1"]
1.e4 e5
2.Ng1f3 Nb8c6
3.Nb1c3 Ng8f6
4.Bf1c4 Bf8c5
5.Nf3g5 O-O
6.Ng5xf7 Qd8e7
7.Nf7xe5 Kh8
8.Ne5g6 hxg6
9.g4 Nf6xe4
10.Qd1e2 Ne4xc3
11.Qe2xe7 Nc6xe7
12.dxc3 Rf8xf2
13.Bc1d2 Rf2g2
14.g5 d5
15.Bc4e2 Bc5f2
16.Kd1 Bf2h4
17.Be2f3 Rg2f2
18.Bd2e1 Rf2xf3
19.Be1xh4 Bc8g4
20.Kd2 Ra8e8
21.Ra1e1 c5
22.Kc1 Bg4d7
23.Bh4g3 Ne7f5
24.Bg3e5 Rf3f2
25.h4 Bd7c6
26.Rh1h3 Kg8
27.h5 gxh5
28.Rh3xh5 Nf5g3
29.Rh5h3 Ng3f5
30.g6 Rf2g2
31.Rh3f3 Nf5h4
32.Rf3e3 Nh4xg6
33.Be5d6 Re8xe3
34.Re1xe3 Ng6h4
35.Bd6xc5 b6
36.Bc5a3 Rg2f2
37.b3 g5
38.Re3g3 Nh4f3
39.Ba3e7 Rf2f1
40.Kb2 a6
41.Be7xg5 Kf8
42.Bg5h6 Ke7
43.Rg3g6 Kd7
44.Rg6g3 Nf3e1
45.Bh6d2 Ne1f3
46.Bd2e3 Kd6
47.Be3xb6 Ke5
48.a4 Ke4
49.c4 dxc4
50.Rg3g6 Nf3e5
51.Rg6e6 Kf5
52.Re6e7 Rf1f2
53.Bb6xf2 { resign }
1-0

[Event "Tourn. n9600"]
[Site "www.chess-mail.com"]
[Date "2017.12.03"]
[Round "1"]
[White "Apdash"]
[Black "Szustan"]
[WhiteElo "2260"]
[BlackElo "2510"]
[Result "0-1"]
[Round "1"]
1.e4 e5
2.Ng1f3 Nb8c6
3.d4 exd4
4.Nf3xd4 Nc6xd4
5.Qd1xd4 d6
6.Bf1c4 Ng8f6
7.Bc1g5 Bf8e7
8.O-O O-O
9.Nb1c3 a6
10.a4 h6
11.Bg5h4 Nf6d5
12.Bh4xe7 Nd5xe7
13.Ra1d1 Ne7c6
14.Qd4e3 Bc8e6
15.Nc3d5 Nc6e5
16.Bc4b3 Rf8e8
17.f4 Ne5g4
18.Qe3g3 c6
19.Nd5e3 Qd8b6
20.Rd1d3 Be6f5
21.Kh1 Ng4xe3
22.Rd3xe3 Bf5xe4
23.Rf1e1 d5
24.f5 Qb6d4
25.c3 Qd4f6
26.Qg3f4 Re8e5
27.Kg1 Re5xf5
28.Qf4c7 Ra8e8
29.Qc7xb7 Re8e7
30.Qb7xa6 Be4xg2
31.Re3xe7 Bg2e4
32.Re1xe4 Rf5g5
33.Re4g4 Rg5xg4
{ resign }
0-1

[Event "Tourn. n9592"]
[Site "www.chess-mail.com"]
[Date "2017.12.03"]
[Round "1"]
[White "Apdash"]
[Black "Obisporey"]
[WhiteElo "2230"]
[BlackElo "2610"]
[Result "0-1"]
[Round "1"]
1.e4 c5
2.Ng1f3 d6
3.d4 cxd4
4.Nf3xd4 Ng8f6
5.Nb1c3 a6
6.a4 Nb8c6
7.Bc1e3 e5
8.Nd4xc6 bxc6
9.a5 d5
10.Be3b6 Qd8d7
11.exd5 cxd5
12.Bf1e2 Bf8d6
13.Nc3a4 Qd7c6
14.O-O O-O
15.b3 Bc8b7
16.Ra1c1 Nf6d7
17.Rf1e1 Ra8e8
18.f3 Nd7xb6
19.axb6 e4
20.c4 Bd6f4
21.Rc1c2 Qc6d6
22.fxe4 Bf4xh2
23.Kf1 Qd6f6
24.Be2f3 dxe4
25.Na4c5 exf3
26.Nc5xb7 Re8xe1
27.Qd1xe1 Qf6d4
28.gxf3 Qd4g1
{ resign }
0-1

[Event "Tourn. n9563"]
[Site "www.chess-mail.com"]
[Date "2017.12.03"]
[Round "1"]
[White "Falcoale"]
[Black "Nulladies"]
[WhiteElo "2020"]
[BlackElo "1940"]
[Result "1-0"]
[Round "1"]
1.e4 c5
2.Ng1f3 g6
3.Bf1c4 e6
4.O-O Nb8c6
5.c3 Bf8g7
6.a3 Ng8e7
7.d3 O-O
8.Bc1g5 h6
9.Bg5h4 g5
10.Nf3xg5 hxg5
11.Bh4xg5 a6
12.f4 f6
13.Bg5h4 Ne7g6
14.Bh4g3 d5
15.Bc4a2 c4
16.dxc4 dxe4
17.Rf1e1 f5
18.Qd1h5 Kf7
19.Qh5e2 e5
20.fxe5 Ng6xe5
21.c5 Bc8e6
22.Qe2h5 Ne5g6
23.Ba2xe6 Kxe6
24.Qh5xg6 Qd8f6
25.Qg6h5 Rf8h8
26.Qh5e2 Nc6e5
27.Nb1d2 Ne5d3
28.Qe2xd3 Ra8d8
29.Qd3c4 Rd8d5
30.Nd2xe4 { resign }
1-0

[Event "Tourn. n9543"]
[Site "www.chess-mail.com"]
[Date "2017.12.03"]
[Round "1"]
[White "Aperturaf"]
[Black "Jazzy"]
[WhiteElo "2630"]
[BlackElo "2240"]
[Result "1-0"]
[Round "1"]
1.e4 d6
2.d4 Ng8f6
3.Nb1c3 Nb8d7
4.Ng1f3 e5
5.Bf1c4 Bf8e7
6.O-O O-O
7.Rf1e1 c6
8.a4 a5
9.h3 Qd8c7
10.Bc1e3 h6
11.Qd1d2 Kh7
12.Ra1d1 Nd7b6
13.Bc4b3 Bc8d7
14.dxe5 dxe5
15.Nf3xe5 Bd7e6
16.Bb3xe6 fxe6
17.Be3f4 Qc7d8
18.Qd2e3 Nb6d7
19.Ne5xd7 Nf6xd7
20.e5 Qd8e8
21.Bf4xh6 Be7c5
22.Qe3d3 Kxh6
23.Nc3e4 Ra8d8
24.Ne4xc5 { resign }
1-0

[Event "Tourn. n9609"]
[Site "www.chess-mail.com"]
[Date "2017.12.03"]
[Round "1"]
[White "Jose"]
[Black "Pdebonis"]
[WhiteElo "2810"]
[BlackElo "2700"]
[Result "1-0"]
[Round "1"]
1.d4 Ng8f6
2.c4 c5
3.d5 e6
4.Nb1c3 exd5
5.cxd5 d6
6.Ng1f3 g6
7.g3 Bf8g7
8.Bf1g2 O-O
9.O-O Rf8e8
10.Bc1f4 Nb8a6
11.Rf1e1 Bc8f5
12.Nf3d2 Nf6h5
13.e4 Nh5xf4
14.gxf4 Bf5d7
15.Nd2c4 Qd8h4
16.Qd1f3 Ra8d8
17.Qf3g3 Qh4e7
18.e5 dxe5
19.fxe5 b5
20.Nc4d6 Bg7xe5
21.Nd6xe8 Rd8xe8
22.f4 Be5d4
23.Kh1 Qe7d8
24.d6 Na6b4
25.Re1xe8 Bd7xe8
26.Ra1e1 c4
27.Re1e4 Bd4f6
28.a3 Nb4d3
29.Nc3d5 Bf6xb2
30.f5 a6
31.Re4e7 Be8c6
32.fxg6 hxg6
33.Qg3f3 Bc6xd5
34.Qf3xd5 { resign }
1-0

[Event "Match"]
[Site "www.echecsemail.com"]
[Date "2017.12.03"]
[Round "1"]
[White "Ssharp"]
[Black "Bojan"]
[WhiteElo "2240"]
[BlackElo "2010"]
[Result "1-0"]
[Round "1"]
1.e4 e5
2.Nb1c3 c6
3.Bf1c4 d6
4.Ng1e2 Qd8g5
5.O-O Qg5g6
6.d3 Bc8h3
7.Ne2g3 Bh3g4
8.f3 Bg4e6
9.Bc4xe6 fxe6
10.Bc1d2 Bf8e7
11.Nc3e2 Ng8f6
12.c3 Nf6h5
13.Ng3xh5 Qg6xh5
14.Qd1b3 b6
15.Qb3xe6 Rh8f8
16.Ne2g3 Qh5g6
17.Qe6xg6 hxg6
18.f4 Kd7
19.fxe5 dxe5
20.Rf1xf8 Be7xf8
21.Bd2g5 Nb8a6
22.Kf2 Bf8c5
23.Ke2 Na6c7
24.Ra1f1 Ke8
25.Bg5e3 Bc5e7
26.Ng3h1 Nc7e6
27.g3 Ra8d8
28.Nh1f2 Be7d6
29.Nf2g4 Ke7
30.d4 exd4
31.cxd4 Rd8f8
32.e5 Bd6c7
33.Rf1c1 Kd7
34.Kd3 Bc7d8
35.b4 Ne6c7
36.Ke4 Bd8e7
37.a3 Nc7b5
38.a4 Nb5c7
39.Be3d2 Nc7d5
40.b5 Nd5c7
41.bxc6 Ke6
42.h4 Be7a3
43.Rc1a1 Ba3e7
44.Ra1d1 Nc7d5
45.Ng4e3 Nd5c7
46.d5 { resign }
1-0

[Event "Match"]
[Site "www.echecsemail.com"]
[Date "2017.12.03"]
[Round "1"]
[White "Gidi5"]
[Black "Szustan"]
[WhiteElo "2270"]
[BlackElo "2510"]
[Result "0-1"]
[Round "1"]
1.e4 e5
2.Ng1f3 Nb8c6
3.Bf1c4 Ng8f6
4.Nf3g5 d5
5.exd5 b5
6.Bc4f1 Nc6d4
7.c3 Nf6xd5
8.cxd4 Qd8xg5
9.Bf1xb5 Kd8
10.Qd1f3 exd4
11.O-O Ra8b8
12.d3 Qg5f5
13.Qf3xf5 Bc8xf5
14.Bb5c4 Nd5b4
15.Nb1a3 Bf5xd3
16.Bc4xd3 Nb4xd3
17.Rf1d1 Nd3xc1
18.Rd1xd4 Kc8
19.Ra1xc1 Rb8xb2
20.Rd4a4 Rb2xa2
21.Ra4xa7 Kb8
22.Na3b5 Ra2xa7
23.Nb5xa7 Kxa7
24.Rc1xc7 Kb6
25.Rc7xf7 Rh8g8
26.Kf1 Kc6
27.Ke2 Kd6
28.Rf7a7 Ke6
29.Ra7a8 Kf7
30.f3 Bf8e7
31.Ra8xg8 Kxg8
32.Kd3 Kf7
33.Ke4 Kg6
34.f4 h5
35.h3 h4
36.Ke5 Be7f6
37.Ke4 Bf6b2
38.f5 Kg5
39.Kf3 Kxf5
40.g3 hxg3
41.Kxg3 Kg5
42.Kf3 Kh4
43.Kg2 g5
44.Kh2 Bb2c3
45.Kg2 Bc3e5
{ resign }
0-1

[Event "Tourn. n9622"]
[Site "www.chess-mail.com"]
[Date "2017.12.04"]
[Round "1"]
[White "Begory"]
[Black "Pachi"]
[WhiteElo "1500"]
[BlackElo "1660"]
[Result "1-0"]
[Round "1"]
1.d4 Ng8f6
2.Bc1f4 d6
3.Nb1c3 Nb8c6
4.Ng1f3 Bc8g4
5.e3 Bg4xf3
6.Qd1xf3 e5
7.dxe5 dxe5
8.Bf4g5 g6
9.Bg5xf6 Qd8d6
10.Bf6xh8 O-O-O
11.Bf1d3 f5
12.O-O-O Bf8h6
13.Kb1 Qd6f8
14.Bh8xe5 Nc6xe5
15.Qf3h3 Kb8
16.f4 Ne5g4
17.Qh3g3 b6
18.h3 Ng4f6
19.Bd3a6 Rd8xd1
20.Rh1xd1 Nf6e4
21.Nc3xe4 fxe4
22.Rd1d7 Qf8e8
23.Rd7xh7 Bh6f8
24.f5 Bf8d6
25.Qg3xg6 Qe8d8
26.Rh7g7 Bd6f8
27.a3 Bf8xg7
28.Qg6c6 { resign }
1-0

[Event "Tourn. n9592"]
[Site "www.chess-mail.com"]
[Date "2017.12.04"]
[Round "1"]
[White "Rons"]
[Black "Sbb"]
[WhiteElo "2630"]
[BlackElo "2540"]
[Result "1/2-1/2"]
[Round "1"]
1.e4 e6
2.d4 d5
3.Nb1c3 Bf8b4
4.e5 c5
5.a3 Bb4xc3
6.bxc3 Ng8e7
7.Qd1g4 O-O
8.Bf1d3 f5
9.exf6 Rf8xf6
10.Bc1g5 Rf6f7
11.Qg4h5 g6
12.Qh5d1 Nb8c6
13.Ng1f3 Qd8f8
14.O-O c4
15.Bd3e2 h6
16.Bg5c1 Bc8d7
17.a4 b6
18.Qd1d2 Kh7
19.h3 Qf8g7
20.Bc1a3 Ra8d8
21.Ba3d6 Ne7f5
22.Bd6c7 Rd8c8
23.Bc7h2 Qg7f8
24.Qd2c1 Nf5d6
25.Nf3e5 Nc6xe5
26.Bh2xe5 Nd6e4
27.Qc1e3 Qf8e7
28.f3 Ne4d6
29.a5 b5
30.a6 Rf7f8
31.Rf1b1 Nd6f7
32.Be5h2 h5
33.Bh2f4 Qe7f6
34.Rb1e1 h4
35.Ra1b1 Bd7c6
36.Be2f1 Kg8
{ draw }
1/2-1/2

[Event "Tourn. n9559"]
[Site "www.chess-mail.com"]
[Date "2017.12.04"]
[Round "1"]
[White "Lucaschess"]
[Black "Apdash"]
[WhiteElo "2030"]
[BlackElo "2100"]
[Result "0-1"]
[Round "1"]
1.e4 e5
2.Ng1f3 Nb8c6
3.Bf1c4 Ng8f6
4.Nf3g5 d5
5.exd5 Nc6a5
6.Bc4b5 Bc8d7
7.Qd1e2 Bf8d6
8.d4 Bd7xb5
9.Qe2xb5 c6
10.dxc6 bxc6
11.Qb5e2 O-O
12.dxe5 Rf8e8
13.f4 Nf6d7
14.Qe2d3 f5
15.Qd3xd6 Na5c4
16.Qd6d1 Qd8b6
17.Qd1xd7 Nc4xe5
18.fxe5 Re8xe5
19.Kd1 Ra8d8
20.Qd7xd8 Qb6xd8
21.Bc1d2 Re5d5
22.Ng5f3 Qd8b6
23.Kc1 Qb6f2
24.Nf3e1 f4
25.a4 g5
26.Ra1a3 g4
27.Ra3b3 f3
 { time }
0-1

[Event "Tourn. n9621"]
[Site "www.chess-mail.com"]
[Date "2017.12.04"]
[Round "1"]
[White "Francesco"]
[Black "Fantomas"]
[WhiteElo "2190"]
[BlackElo "2120"]
[Result "0-1"]
[Round "1"]
1.d4 d5
2.c4 e6
3.Nb1c3 Ng8f6
4.Bc1g5 Bf8e7
5.e3 h6
6.Bg5h4 c6
7.Ng1f3 Nb8d7
8.Bf1d3 b6
9.O-O O-O
10.Bh4g3 Nf6h5
11.Qd1c2 Nh5xg3
12.fxg3 Bc8b7
13.Rf1f2 Nd7f6
14.Ra1f1 Nf6g4
15.Rf2e2 f5
16.Nf3e5 Ng4xe5
17.dxe5 Qd8b8
18.cxd5 cxd5
19.Nc3b5 Rf8c8
20.Qc2b1 Qb8xe5
21.Nb5d4 Be7c5
22.Nd4f3 Qe5f6
23.Kh1 Rc8c7
24.b4 Bc5d6
25.Nf3d4 a6
26.g4 g6
27.gxf5 exf5
28.g4 Bd6e5
29.gxf5 g5
30.Nd4e6 Rc7c3
31.Re2g2 Kf7
32.h4 Ra8h8
33.hxg5 hxg5
34.Kg1 Qf6h6
35.Ne6xg5 Kf6
36.Ng5f3 Qh6xe3
37.Rg2f2 Be5g3
38.Qb1b2 Bg3xf2
39.Rf1xf2 Rh8g8
40.Kf1 Qe3xd3
41.Rf2e2 Qd3xf3
42.Re2f2 Qf3d1
{ resign }
0-1

[Event "Tourn. n9629"]
[Site "www.chess-mail.com"]
[Date "2017.12.04"]
[Round "1"]
[White "Fantomas"]
[Black "Vios"]
[WhiteElo "2150"]
[BlackElo "2230"]
[Result "0-1"]
[Round "1"]
1.Ng1f3 g6
2.d4 Bf8g7
3.e4 d6
4.Bc1e3 a6
5.Bf1d3 b5
6.Nb1d2 Bc8b7
7.Nd2f1 Nb8d7
8.Nf1g3 Ng8f6
9.h3 O-O
10.Qd1d2 c5
11.c3 Ra8c8
12.O-O Rf8e8
13.Rf1e1 h5
14.d5 e6
15.dxe6 Re8xe6
16.Be3f4 Nd7e5
17.Nf3xe5 dxe5
18.Bf4g5 Re6d6
19.Ra1d1 c4
20.Qd2e3 Rd6xd3
21.Qe3e2 Qd8d6
22.f3 Rc8d8
23.Rd1xd3 Qd6xd3
24.Qe2f2 Rd8d7
25.Re1e2 Qd3b1
26.Kh2 Nf6h7
27.Bg5e3 Qb1xa2
28.Re2c2 Nh7f8
29.Be3d2 Nf8e6
30.Bd2e1 Qa2b1
{ resign }
0-1

[Event "Tourn. n9550"]
[Site "www.chess-mail.com"]
[Date "2017.12.04"]
[Round "1"]
[White "Redapond1"]
[Black "Julian"]
[WhiteElo "1640"]
[BlackElo "1470"]
[Result "0-1"]
[Round "1"]
1.d4 d6
2.d5 Ng8f6
3.Nb1c3 Nb8d7
4.Bc1g5 c6
5.dxc6 bxc6
6.Ng1f3 e5
7.e4 Bf8e7
8.Bf1c4 O-O
9.O-O Qd8c7
10.Bg5xf6 Nd7xf6
11.Bc4b3 Bc8e6
12.Bb3xe6 fxe6
13.Nf3g5 Qc7d7
14.f3 Ra8d8
15.f4 exf4
16.Rf1xf4 e5
17.Rf4f2 d5
18.exd5 cxd5
19.h3 d4
20.Nc3e2 Nf6d5
21.Rf2xf8 Rd8xf8
22.Ng5f3 Nd5e3
23.Qd1d3 Be7d6
24.c3 Ne3f5
25.cxd4 Nf5xd4
26.Ne2xd4 exd4
27.Qd3xd4 Qd7c6
28.b3 Bd6c5
29.Qd4xc5 Qc6xc5
{ resign }
0-1

[Event "Tourn. n9519"]
[Site "www.chess-mail.com"]
[Date "2017.12.04"]
[Round "1"]
[White "Sbb"]
[Black "Tartan"]
[WhiteElo "2420"]
[BlackElo "2440"]
[Result "1-0"]
[Round "1"]
1.d4 Ng8f6
2.c4 e6
3.g3 d5
4.Ng1f3 dxc4
5.Bf1g2 c5
6.O-O Nb8c6
7.Qd1a4 Bc8d7
8.Qa4xc4 b5
9.Qc4d3 Qd8b6
10.dxc5 Bf8xc5
11.Nb1c3 Nc6b4
12.Qd3d2 Bd7c6
13.a3 Nb4d5
14.Nf3e5 Bc6b7
15.Nc3xd5 Bb7xd5
16.Bg2xd5 exd5
17.b4 Bc5d4
18.Bc1b2 Bd4xb2
19.Qd2xb2 O-O
20.a4 Rf8e8
21.axb5 Qb6xb5
22.Ra1a5 Qb5b6
23.Ne5d3 Ra8c8
24.Rf1a1 Rc8c7
25.Ra5a6 Qb6b8
26.Nd3f4 Rc7c4
27.b5 Rc4c5
28.Ra1a5 Qb8c8
29.Ra6xa7 Rc5c2
30.Qb2a3 Rc2c3
31.Qa3d6 Qc8f5
32.Ra7a8 Rc3c8
33.Ra8xc8 Qf5xc8
34.b6 Re8d8
35.b7 { resign }
1-0

[Event "Match"]
[Site "www.echecsemail.com"]
[Date "2017.12.04"]
[Round "1"]
[White "Gambitmiau"]
[Black "Karlgrocer"]
[WhiteElo "1970"]
[BlackElo "2030"]
[Result "0-1"]
[Round "1"]
1.e4 c5
2.Ng1f3 d6
3.Bf1c4 e6
4.a3 Ng8f6
5.e5 dxe5
6.Nf3xe5 Bf8d6
7.Ne5f3 O-O
8.d3 a6
9.Bc1g5 Bd6e7
10.O-O b5
11.Bc4a2 Bc8b7
12.Nf3e5 Nf6d5
13.Bg5xe7 Qd8xe7
14.c4 bxc4
15.dxc4 Nd5f6
16.b4 cxb4
17.axb4 Qe7xb4
18.Ba2b3 Nb8c6
19.Ra1a4 Qb4e7
20.Rf1e1 Nc6xe5
21.Re1xe5 Bb7c6
22.Ra4a5 Rf8b8
23.Ra5c5 Nf6d7
24.Bb3a4 Bc6xa4
25.Qd1xa4 Nd7xc5
26.Qa4a1 Qe7f6
27.Nb1d2 Nc5d3
28.Re5e2 Qf6xa1
{ resign }
0-1

[Event "Match"]
[Site "www.echecsemail.com"]
[Date "2017.12.04"]
[Round "1"]
[White "Aniruddhadg"]
[Black "Caspito"]
[WhiteElo "1809"]
[BlackElo "1930"]
[Result "1-0"]
[Round "1"]
1.d4 g6
2.e4 d6
3.Nb1c3 Bf8g7
4.f4 e6
5.Ng1f3 Ng8e7
6.Bf1d3 O-O
7.Bc1e3 a6
8.Qd1d2 Nb8d7
9.O-O-O c6
10.e5 Ne7f5
11.Be3f2 b5
12.g4 Nf5h6
13.h3 d5
14.f5 exf5
15.g5 Nh6g4
16.hxg4 fxg4
17.Nf3h2 Nd7b6
18.Rd1g1 Nb6c4
19.Qd2f4 b4
20.Nc3a4 Bc8b7
21.Nh2xg4 a5
22.Ng4f6 Bg7xf6
23.gxf6 { resign }
1-0

[Event "Match"]
[Site "www.echecsemail.com"]
[Date "2017.12.04"]
[Round "1"]
[White "Joaodelisboa"]
[Black "Pwain"]
[WhiteElo "1899"]
[BlackElo "2430"]
[Result "0-1"]
[Round "1"]
1.e4 e5
2.Ng1f3 Nb8c6
3.d4 exd4
4.Nf3xd4 Ng8f6
5.Nd4xc6 bxc6
6.Bf1d3 d5
7.Qd1e2 Bf8e7
8.O-O dxe4
9.Bd3xe4 Nf6xe4
10.Qe2xe4 O-O
11.Qe4xc6 Ra8b8
12.Nb1c3 Rb8b6
13.Qc6f3 Bc8b7
14.Qf3e3 Rb6g6
15.f3 Be7f6
16.Rf1d1 Qd8a8
17.Kh1 Rf8e8
18.Qe3f2 Bf6h4
19.Qf2f1 Bb7a6
{ resign }
0-1

[Event "Match"]
[Site "www.echecsemail.com"]
[Date "2017.12.04"]
[Round "1"]
[White "Apdash"]
[Black "Llord"]
[WhiteElo "2240"]
[BlackElo "1970"]
[Result "1-0"]
[Round "1"]
1.e4 e5
2.f4 Nb8c6
3.Ng1f3 Bf8d6
4.d4 exf4
5.e5 Bd6b4
6.c3 Bb4a5
7.Bc1xf4 Nc6e7
8.Bf1c4 d5
9.exd6 cxd6
10.Qd1b3 d5
11.Bc4b5 Bc8d7
12.Nf3e5 Bd7xb5
13.Qb3xb5 Kf8
14.Ne5d7 Ke8
15.Nd7b6 Kf8
16.Nb6xa8 Ba5xc3
17.Nb1xc3 Qd8xa8
18.Bf4d6 Qa8d8
19.Qb5b4 Ng8f6
20.O-O Ke8
21.Rf1xf6 gxf6
22.Ra1e1 { resign }
1-0

[Event "Match"]
[Site "www.echecsemail.com"]
[Date "2017.12.04"]
[Round "1"]
[White "Darknight"]
[Black "Llord"]
[WhiteElo "1780"]
[BlackElo "1920"]
[Result "0-1"]
[Round "1"]
1.e4 e5
2.Bf1c4 Nb8c6
3.a3 Ng8f6
4.d3 Nc6d4
5.c3 Nd4e6
6.h3 Bf8c5
7.Ng1f3 d6
8.Bc1g5 O-O
9.g3 h6
10.Bg5xf6 Qd8xf6
11.Nb1d2 a6
12.Qd1e2 b5
13.Bc4d5 Ra8b8
14.O-O-O Rb8b6
15.Rd1g1 c6
16.Bd5a2 Rb6b7
17.h4 a5
18.h5 b4
19.c4 bxa3
20.b3 Ne6d4
21.Nf3xd4 Bc5xd4
22.Rg1g2 a4
23.f3 axb3
24.Nd2xb3 Bd4b2
25.Kc2 Bc8e6
26.g4 d5
27.exd5 cxd5
28.c5 d4
29.Rg2g3 Rf8c8
30.Qe2d2 Be6xb3
31.Ba2xb3 Rc8xc5
32.Bb3c4 Bb2c3
33.Qd2c1 Rb7b2
34.Kd1 Rb2d2
35.Qc1xd2 Bc3xd2
36.Kxd2 Qf6f4
37.Ke2 Qf4xg3
38.Rh1f1 a2
39.Bc4xa2 Rc5c2
40.Kd1 Rc2xa2
{ resign }
0-1

[Event "Match"]
[Site "www.echecsemail.com"]
[Date "2017.12.04"]
[Round "1"]
[White "Vgrynyuk"]
[Black "Nimzo"]
[WhiteElo "2750"]
[BlackElo "2880"]
[Result "1/2-1/2"]
[Round "1"]
1.e4 e5
2.Ng1f3 Nb8c6
3.Bf1b5 Ng8f6
4.O-O Nf6xe4
5.d4 Ne4d6
6.Bb5xc6 dxc6
7.dxe5 Nd6f5
8.Qd1xd8 Kxd8
9.Rf1d1 Ke8
10.Nb1c3 Bf8e7
11.h3 Nf5h4
12.Nf3d4 Nh4f5
13.Nd4f3 Nf5h4
14.Nf3d4 Nh4g6
15.f4 Ng6h4
16.Bc1e3 h5
17.Be3f2 Nh4f5
18.Nd4f3 b6
19.Nc3e2 Bc8b7
20.Ne2d4 Nf5xd4
21.Nf3xd4 Rh8g8
22.Nd4f5 c5
23.Nf5xe7 Kxe7
24.Rd1d2 Ra8d8
{ draw }
1/2-1/2

[Event "Match"]
[Site "www.echecsemail.com"]
[Date "2017.12.04"]
[Round "1"]
[White "Gidi5"]
[Black "Gimmyg"]
[WhiteElo "2310"]
[BlackElo "2530"]
[Result "0-1"]
[Round "1"]
1.e4 Nb8c6
2.d4 d5
3.e5 Bc8f5
4.c3 f6
5.f4 e6
6.Bf1d3 Ng8h6
7.Ng1f3 Qd8d7
8.O-O Bf8e7
9.exf6 gxf6
10.Bd3xf5 Nh6xf5
11.Nf3e1 O-O-O
12.Ne1c2 Be7d6
13.Nc2e3 Nc6e7
14.Ne3xf5 Ne7xf5
15.Qd1h5 c5
16.g4 cxd4
17.gxf5 Bd6c5
18.Kh1 exf5
19.cxd4 Bc5xd4
20.Rf1d1 Rh8g8
21.Rd1xd4 Qd7g7
22.Qh5xf5 Kb8
{ resign }
0-1

[Event "Match"]
[Site "www.echecsemail.com"]
[Date "2017.12.04"]
[Round "1"]
[White "Gidi5"]
[Black "Apdash"]
[WhiteElo "2330"]
[BlackElo "2190"]
[Result "1-0"]
[Round "1"]
1.e4 e5
2.Ng1f3 Nb8c6
3.Bf1c4 Ng8f6
4.Nf3g5 Bf8c5
5.b4 Bc5b6
6.Ng5xf7 Bb6xf2
7.Kf1 Qd8e7
8.Nf7xh8 d5
9.Bc4e2 Nf6xe4
10.Be2h5 g6
11.Nh8xg6 hxg6
12.Bh5xg6 Kd8
13.Bg6xe4 Bf2h4
14.Be4xd5 Nc6d4
15.g3 e4
16.Kg2 c6
17.c3 cxd5
18.cxd4 Qe7g7
19.Qd1h5 Bh4f6
20.Qh5xd5 Bc8d7
21.Rh1f1 Kc7
22.d3 Bd7c6
23.Bc1f4 Kc8
24.Qd5f5 Kd8
25.dxe4 Bf6xd4
26.Rf1d1 Bc6d7
27.Rd1xd4 Qg7xd4
28.Qf5g5 Ke8
29.Qg5g6 Kd8
30.Bf4g5 Kc7
31.Nb1c3 Ra8h8
32.Nc3d5 Kc8
33.Ra1c1 Kb8
34.Qg6d6 Ka8
35.Nd5c7 { resign }
1-0

[Event "Match"]
[Site "www.echecsemail.com"]
[Date "2017.12.04"]
[Round "1"]
[White "Mitja"]
[Black "Ssharp"]
[WhiteElo "1950"]
[BlackElo "2240"]
[Result "1/2-1/2"]
[Round "1"]
1.d4 d5
2.e3 Ng8f6
3.c3 e6
4.Ng1f3 c5
5.dxc5 Bf8xc5
6.Nb1d2 O-O
7.Nd2b3 Bc5e7
8.Bf1e2 Nb8c6
9.Nf3d4 Bc8d7
10.Nd4xc6 Bd7xc6
11.Nb3d4 Ra8c8
12.Nd4xc6 Rc8xc6
13.O-O a6
14.Be2f3 Rc6d6
15.b3 Rd6d7
16.Bc1b2 e5
17.Bf3g4 Nf6xg4
18.Qd1xg4 Be7f6
19.Ra1d1 Qd8c7
20.Rf1e1 Rf8d8
21.Rd1c1 Qc7a5
22.a3 b5
23.b4 Qa5b6
24.Re1d1 a5
25.Qg4f3 h6
26.Rd1d2 d4
27.cxd4 exd4
28.Bb2xd4 Bf6xd4
29.Rd2xd4 Rd7xd4
30.exd4 axb4
31.axb4 Qb6xd4
32.Rc1b1 Qd4c4
33.h3 Qc4d3
34.Qf3xd3 Rd8xd3
35.Kf1 Rd3d4
36.Ke2 f5
37.Ke3 Rd4c4
38.Rb1b2 g5
39.f3 Kf7
40.Kd3 f4
41.Kd2 Kg6
42.Kd3 Kf5
43.Rb2b1 h5
44.Rb1b2 g4
45.h4 gxf3
46.gxf3 Rc4c1
47.Rb2c2 Rc1xc2
{ draw }
1/2-1/2

[Event "Match"]
[Site "www.echecsemail.com"]
[Date "2017.12.04"]
[Round "1"]
[White "Hundegana"]
[Black "Pangloss"]
[WhiteElo "2070"]
[BlackElo "1809"]
[Result "0-1"]
[Round "1"]
1.e4 e5
2.b3 Ng8f6
3.f3 Nf6xe4
4.fxe4 Qd8h4
5.Ke2 Qh4xe4
6.Kf2 Bf8c5
7.Kg3 Qe4f4
8.Kh3 d5
9.g4 h5
10.Bf1e2 hxg4
11.Kg2 Qf4f2

0-1

[Event "Match"]
[Site "www.echecsemail.com"]
[Date "2017.12.04"]
[Round "1"]
[White "Jesmantiz"]
[Black "Gidi5"]
[WhiteElo "2220"]
[BlackElo "2310"]
[Result "0-1"]
[Round "1"]
1.d4 Ng8f6
2.c4 e6
3.Nb1c3 Bf8b4
4.Qd1c2 d5
5.e3 c5
6.a3 Bb4xc3
7.bxc3 O-O
8.dxc5 Qd8a5
9.a4 Nf6e4
10.Bc1b2 Ne4xc5
11.cxd5 exd5
12.Ng1f3 g6
13.Nf3d4 Nb8c6
14.f3 Nc6xd4
15.exd4 Bc8f5
16.Qc2d1 Rf8e8
17.Kf2 Nc5d7
18.g4 Bf5e6
19.Bf1d3 Qa5d8
20.Qd1d2 Qd8h4
21.Kg2 Be6xg4
22.h3 Bg4xf3
23.Kxf3 Re8e6
24.Ra1f1 Ra8e8
25.Kg2 Re6e3
26.Rf1f3 Qh4g5
27.Kf2 Re3xf3
{ resign }
0-1

[Event "Fast Game"]
[Site "www.echecsemail.com"]
[Date "2017.12.04"]
[Round "1"]
[White "Attatroll"]
[Black "Fabos12"]
[WhiteElo "1770"]
[BlackElo "1840"]
[Result "1-0"]
[Round "1"]
1.d4 e6
2.c4 d5
3.Nb1c3 Bf8b4
4.a3 Bb4xc3
5.bxc3 c6
6.e3 Ng8f6
7.Ng1f3 Nb8d7
8.Bc1b2 O-O
9.Bf1d3 Nd7b6
10.cxd5 exd5
11.Nf3e5 Nb6d7
12.O-O Nd7xe5
13.dxe5 Nf6d7
14.f4 Nd7b6
15.Qd1h5 g6
16.Qh5f3 h5
17.f5 Qd8g5
18.fxg6 fxg6
{ time. }
1-0

[Event "Tourn. n9625"]
[Site "www.chess-mail.com"]
[Date "2017.12.05"]
[Round "1"]
[White "Norlavuaram"]
[Black "Bojan"]
[WhiteElo "2120"]
[BlackElo "2000"]
[Result "0-1"]
[Round "1"]
1.e4 g6
2.d4 Bf8g7
3.c4 e6
4.Ng1f3 d5
5.Nb1c3 dxe4
6.Nc3xe4 Nb8c6
7.Bc1e3 f5
8.Ne4c5 Qd8e7
9.Bf1e2 { time. }
0-1

[Event "Tourn. n9531"]
[Site "www.chess-mail.com"]
[Date "2017.12.05"]
[Round "1"]
[White "Awfen"]
[Black "Falcoale"]
[WhiteElo "2050"]
[BlackElo "2000"]
[Result "1/2-1/2"]
[Round "1"]
1.e4 c5
2.Bf1c4 e6
3.Ng1f3 b6
4.O-O Bc8b7
5.Nb1c3 Nb8c6
6.d4 cxd4
7.Nf3xd4 Ng8f6
8.Nd4xc6 Bb7xc6
9.Qd1f3 Bf8e7
10.Bc4d3 O-O
11.Qf3g3 d5
12.Bd3e2 dxe4
13.Bc1h6 g6
14.Bh6xf8 Be7xf8
15.h4 Bf8g7
16.Ra1d1 Qd8e7
17.h5 Nf6xh5
18.Be2xh5 gxh5
19.Nc3e2 Kh8
20.c3 Ra8g8
21.Qg3h3 Qe7g5
22.Ne2g3 Bc6d5
23.Qh3xh5 Qg5xh5
24.Ng3xh5 Bd5xa2
25.Rd1a1 Ba2c4
26.Rf1e1 f5
27.Ra1xa7 b5
28.Nh5xg7 Rg8xg7
29.Ra7xg7 Kxg7
30.Re1d1 Bc4d3
31.Rd1a1 Kf6
32.Ra1a7 h5
33.Ra7h7 Kg6
34.Rh7h8 Kg5
35.Rh8g8 Kf6
36.Rg8h8 Kg5
37.Kh2 Bd3e2
38.Kg3 f4
39.Kh2 Kg6
40.Kg1 Kf5
41.Rh8f8 Ke5
42.Rf8d8 Kf5
43.Rd8f8 { draw }
1/2-1/2

[Event "Tourn. n9591"]
[Site "www.chess-mail.com"]
[Date "2017.12.05"]
[Round "1"]
[White "Norlavuaram"]
[Black "Luban"]
[WhiteElo "2110"]
[BlackElo "2070"]
[Result "0-1"]
[Round "1"]
1.e4 c6
2.d4 d5
3.Nb1d2 dxe4
4.Nd2xe4 Bc8f5
5.Ne4g3 Bf5g6
6.Ng1f3 Nb8d7
7.Bf1e2 h6
8.O-O e6
9.Bc1e3 Ng8f6
10.Qd1d2 Bf8e7
11.h3 O-O
12.c4 Nd7b6
13.Rf1d1 Ra8c8
14.b3 c5
15.dxc5 Be7xc5
16.Be3xc5 Qd8xd2
17.Rd1xd2 Rc8xc5
18.Ra1d1 Rc5c7
19.Nf3e5 Bg6f5
20.Ng3xf5 exf5
21.Ne5f3 Rf8e8
22.Be2f1 Nf6e4
23.Rd2d8 Re8xd8
24.Rd1c1 Rc7d7
{ resign }
0-1